Matemática básica para técnicos. (Record no. 25155)

MARC details
000 -LEADER
campo de control de longitud fija 00818nam a2200217 i 4500
001 - NÚMERO DE CONTROL
campo de control 25155
003 - IDENTIFICADOR DE NÚMERO DE CONTROL
campo de control ES-MaACL
005 - FECHA Y HORA DE LA ÚLTIMA TRANSACCIÓN
campo de control 20250903024952.0
007 - CAMPO FIJO DE DESCRIPCIÓN FÍSICA--INFORMACIÓN GENERAL
campo de control de longitud fija t|
008 - DATOS DE LONGITUD FIJA--INFORMACIÓN GENERAL
campo de control de longitud fija 021220s1965 sp ||||1| spa d
100 1# - ENTRADA PRINCIPAL--NOMBRE DE PERSONA
Nombre de persona Apostol, Tom. M.
9 (RLIN) 22106
245 10 - MENCIÓN DEL TÍTULO
Título Matemática básica para técnicos.
Número de parte o sección de la obra 1,
Nombre de parte o sección de la obra Introducción, con vectores y geometría analítica /
Mención de responsabilidad, etc. Tom M. Apostol ; [versión por Griselda Pascual Xufre...; revisada por el Dr. Enrique Linés Escardó].
260 ## - PUBLICACIÓN, DISTRIBUCIÓN, ETC.
Lugar de publicación, distribución, etc. Barcelona, etc. :
Nombre del editor, distribuidor, etc. Reverté,
Fecha de publicación, distribución, etc. 1965.
300 ## - DESCRIPCIÓN FÍSICA
Extensión 575 p. :
Otras características físicas il. ;
Dimensiones 22 cm.
650 07 - PUNTO DE ACCESO ADICIONAL DE MATERIA--TÉRMINO DE MATERIA
Término de materia o nombre geográfico como elemento de entrada Análisis matemático
Fuente del encabezamiento o término embne
9 (RLIN) 9772
650 #4 - PUNTO DE ACCESO ADICIONAL DE MATERIA--TÉRMINO DE MATERIA
Término de materia o nombre geográfico como elemento de entrada Geometría analítica.
9 (RLIN) 13100
700 1# - ENTRADA AGREGADA--NOMBRE PERSONAL
Nombre de persona Pascual Xufré, Griselda.
9 (RLIN) 89404
700 1# - ENTRADA AGREGADA--NOMBRE PERSONAL
Nombre de persona Linés Escardó, Enrique.
9 (RLIN) 72434
852 ## - LOCALIZACIÓN
Ubicación ES-MaACL
Número de control de estantería P-217-Ter
Sublocalización o colección R.56439
Holdings
Estatus retirado Estado de pérdida Estado de daño No para préstamo Biblioteca de origen Biblioteca actual Ubicación en estantería Fecha de adquisición Fuente de adquisición Total de préstamos Signatura topográfica completa Código de barras Visto por última vez Precio de reemplazo Tipo de ítem Koha
        Biblioteca del Ateneo de Madrid Biblioteca del Ateneo de Madrid Depósito 2 17/01/2008     P-217-Ter 1025936 23/02/2023 23/02/2023 Libro impreso